Assessment of particulate matter 2.5 microns and particle back trajectories analysis in Dhaka using hysplit model (Record no. 45649)

000 -LEADER
fixed length control field 00486nam a22001577a 4500
001 - CONTROL NUMBER
control field 45649
003 - CONTROL NUMBER IDENTIFIER
control field BD-DhUET
008 - FIXED-LENGTH DATA ELEMENTS--GENERAL INFORMATION
fixed length control field 260415b xxu||||| |||| 00| 0 eng d
040 ## - CATALOGING SOURCE
Transcribing agency 0
Modifying agency BD-DhUET
245 ## - TITLE STATEMENT
Title Assessment of particulate matter 2.5 microns and particle back trajectories analysis in Dhaka using hysplit model
260 ## - PUBLICATION, DISTRIBUTION, ETC. (IMPRINT)
Place of publication, distribution, etc. Dhaka
Name of publisher, distributor, etc. Department of Physics, BUET
Date of publication, distribution, etc. 2026
300 ## - PHYSICAL DESCRIPTION
Extent xx,104p.
501 ## - WITH NOTE
With note One CD-ROM
504 ## - BIBLIOGRAPHY, ETC. NOTE
Bibliography, etc Includes bibliographies
942 ## - ADDED ENTRY ELEMENTS (KOHA)
Koha item type Thesis
Holdings
Location (home branch) Withdrawn status Date acquired Copy number Koha item type Shelving location Damaged status Koha date last seen Sublocation or collection (holding branch) Piece designation (barcode) Lost status Price effective from Not for loan Source of classification or shelving scheme
Central Library, BUET 2026-04-111ThesisAcquisition section 2026-04-15Central Library, BUET121014 2026-04-15